<?xml version="1.0" encoding="UTF-8"?>
<collection xmlns:xsi="http://www.w3.org/2001/XMLSchema-instance" xsi:schemaLocation="http://www.loc.gov/MARC21/slim http://www.loc.gov/standards/marcxml/schema/MARC21slim.xsd" xmlns="http://www.loc.gov/MARC21/slim">
 <record>
  <leader>00000cmm a22000005i 4500</leader>
  <controlfield tag="001">UP-99796217611057534</controlfield>
  <controlfield tag="003">Buklod</controlfield>
  <controlfield tag="005">20241002094146.0</controlfield>
  <controlfield tag="006">m    go  j        </controlfield>
  <controlfield tag="007">cr |n |||auu|a</controlfield>
  <controlfield tag="008">241002s2011    gw     go  j        eng  </controlfield>
  <datafield tag="020" ind1=" " ind2=" ">
   <subfield code="a">9783642210587(eBook)</subfield>
  </datafield>
  <datafield tag="035" ind1=" " ind2=" ">
   <subfield code="a">(iLib)UPD-00210204139</subfield>
  </datafield>
  <datafield tag="040" ind1=" " ind2=" ">
   <subfield code="a">DLC</subfield>
   <subfield code="d">DMLR</subfield>
   <subfield code="e">rda</subfield>
  </datafield>
  <datafield tag="041" ind1=" " ind2=" ">
   <subfield code="a">eng</subfield>
  </datafield>
  <datafield tag="042" ind1=" " ind2=" ">
   <subfield code="a">DMLUC</subfield>
  </datafield>
  <datafield tag="084" ind1=" " ind2=" ">
   <subfield code="a">TA 168</subfield>
   <subfield code="b">E58 2011eb</subfield>
  </datafield>
  <datafield tag="100" ind1="1" ind2=" ">
   <subfield code="a">Albani, Antonia.</subfield>
   <subfield code="e">editor.</subfield>
  </datafield>
  <datafield tag="245" ind1="1" ind2="0">
   <subfield code="a">Advances in enterprise engineering V</subfield>
   <subfield code="b">First Enterprise Engineering Working Conference, EEWC 2011, Antwerp, Belgium, May 16-17, 2011. Proceedings</subfield>
   <subfield code="h">[electronic resource]</subfield>
   <subfield code="c">edited by Antonia Albani, Jan L. G. Dietz, Jan Verelst.</subfield>
  </datafield>
  <datafield tag="264" ind1=" " ind2="1">
   <subfield code="a">Berlin, Heidelberg</subfield>
   <subfield code="b">Springer Berlin Heidelberg</subfield>
   <subfield code="c">[©2011.]</subfield>
  </datafield>
  <datafield tag="300" ind1=" " ind2=" ">
   <subfield code="a">1 online resource (XIII, 121 pages)</subfield>
  </datafield>
  <datafield tag="336" ind1=" " ind2=" ">
   <subfield code="a">text</subfield>
   <subfield code="2">rdacontent</subfield>
  </datafield>
  <datafield tag="337" ind1=" " ind2=" ">
   <subfield code="a">computer</subfield>
   <subfield code="2">rdamedia</subfield>
  </datafield>
  <datafield tag="338" ind1=" " ind2=" ">
   <subfield code="a">online resource</subfield>
   <subfield code="b">cr</subfield>
   <subfield code="2">rdacarrier</subfield>
  </datafield>
  <datafield tag="520" ind1=" " ind2=" ">
   <subfield code="a">This book constitutes the proceedings of the first Enterprise Engineering Working Conference (EEWC), held in Antwerp, Belgium, May 16-17, 2011. EEWC aims at addressing the challenges that modern and complex enterprises are facing in a rapidly changing world. The participants of the working conference share the belief that dealing with these challenges requires rigorous and scientific solutions, focusing on the design and engineering of enterprises. The goal of EEWC is to stimulate interaction between the different stakeholders, scientists as well as practitioners, interested in making Enterprise Engineering a reality. The 8 papers presented were carefully reviewed and selected for inclusion in the book. EEWC 2011 had 24 submissions of which 8 were accepted for publication. The topics of the papers encouraged active participation in interesting discussions and the exchange of ideas, and stimulated future cooperation among the participants. This made EEWC a real ?working conference? contributing to the further development of Enterprise Engineering as a mature discipline. The topics covered include designing organizations with DEMO, combining DEMO with other methods, and studies in enterprise architec</subfield>
  </datafield>
  <datafield tag="533" ind1=" " ind2=" ">
   <subfield code="a">Electronic reproduction.</subfield>
   <subfield code="b">New York</subfield>
   <subfield code="c">SpringerLink.</subfield>
   <subfield code="d">2011.</subfield>
   <subfield code="n">Available via World Wide Web through Springer</subfield>
  </datafield>
  <datafield tag="650" ind1=" " ind2="0">
   <subfield code="a">Systems engineering</subfield>
   <subfield code="v">Congresses.</subfield>
  </datafield>
  <datafield tag="650" ind1=" " ind2="0">
   <subfield code="a">Management information systems</subfield>
   <subfield code="v">Congresses.</subfield>
  </datafield>
  <datafield tag="700" ind1="1" ind2=" ">
   <subfield code="a">Dietz, Jan L. G.</subfield>
   <subfield code="e">editor.</subfield>
  </datafield>
  <datafield tag="700" ind1="1" ind2=" ">
   <subfield code="a">Verelst Jan</subfield>
   <subfield code="e">editor.</subfield>
  </datafield>
  <datafield tag="710" ind1="2" ind2=" ">
   <subfield code="a">SpringerLink (Online services).</subfield>
  </datafield>
  <datafield tag="842" ind1=" " ind2=" ">
   <subfield code="a">Electronic Resource</subfield>
  </datafield>
  <datafield tag="856" ind1="4" ind2="0">
   <subfield code="u">https://link.springer.com/book/10.1007/978-3-642-21058-7</subfield>
   <subfield code="y">Available for University of the Philippines Diliman via SpringerLink. Click here to access</subfield>
  </datafield>
  <datafield tag="905" ind1=" " ind2=" ">
   <subfield code="a">FO</subfield>
  </datafield>
  <datafield tag="852" ind1="0" ind2=" ">
   <subfield code="a">UPD</subfield>
   <subfield code="b">DMLR</subfield>
  </datafield>
  <datafield tag="942" ind1=" " ind2=" ">
   <subfield code="a">Electronic Resource</subfield>
  </datafield>
 </record>
</collection>
